The 2009 RICS Global Carbon Capacity Index (Record no. 110846)

MARC details
000 -LEADER
fixed length control field 01266cad a22002415a 4500
001 - CONTROL NUMBER
control field L150366
008 - FIXED-LENGTH DATA ELEMENTS--GENERAL INFORMATION
fixed length control field 100705s2010 xxk f 000 0 eng d
020 ## - INTERNATIONAL STANDARD BOOK NUMBER
International Standard Book Number 9781842196038
035 ## - SYSTEM CONTROL NUMBER
System control number (Sirsi) u150366
041 0# - LANGUAGE CODE
Language code of text/sound track or separate title eng
050 04 - LIBRARY OF CONGRESS CALL NUMBER
Classification number 333.72 $2 18
100 1# - MAIN ENTRY--PERSONAL NAME
Personal name Rydin, Yvonne
245 44 - TITLE STATEMENT
Title The 2009 RICS Global Carbon Capacity Index
Medium [electronic resource]
260 ## - PUBLICATION, DISTRIBUTION, ETC.
Place of publication, distribution, etc. London
Name of publisher, distributor, etc. RICS
Date of publication, distribution, etc. 2010
505 2# - FORMATTED CONTENTS NOTE
Formatted contents note Executive summary -- Introduction the Carbon Challenge -- Energy consumption and carbon emissions -- RICS global zero carbon capacity or ZC2 Index -- Background on energy consumption and renewable energy use in ZC2 Index countries -- 2009 and 2008 ZC2 index results -- Overall ZC2 index scores -- Individual country analysis
520 ## - SUMMARY, ETC.
Summary, etc. 2009 RICS Global Carbon Capacity Index aimed at tracking progress of countries towards a zero carbon built environment identifies Norway as the country making the most progress.
590 ## - LOCAL NOTE (RLIN)
Local note KA
650 24 - SUBJECT ADDED ENTRY--TOPICAL TERM
Topical term or geographic name entry element RICS GLOBAL CARBON CAPACITY INDEX
651 #4 - SUBJECT ADDED ENTRY--GEOGRAPHIC NAME
Geographic name International
690 ## - LOCAL SUBJECT ADDED ENTRY--TOPICAL TERM (OCLC, RLIN)
Topical term or geographic name as entry element ENVIRONMENTAL AND LAND CONSULTANCY-ENERGY-ENERGY USE-ENERGY EFFICIENCY
856 48 - ELECTRONIC LOCATION AND ACCESS
Uniform Resource Identifier <a href="https://www.rics.org/site/download_feed.aspx?fileID=6883&fileExtension=PDF">https://www.rics.org/site/download_feed.aspx?fileID=6883&fileExtension=PDF</a>
Public note View this item free of charge at www.rics.org
942 ## - ADDED ENTRY ELEMENTS (KOHA)
Suppress in OPAC 0
Holdings
Withdrawn status Lost status Source of classification or shelving scheme Damaged status Not for loan Home library Current library Shelving location Date acquired Total Checkouts Full call number Barcode Date last seen Copy number Price effective from Koha item type
    Dewey Decimal Classification     Virtual Virtual Online 05/07/2010   ONLINE PUBLICATION 150366-2001 06/08/2019 1 06/08/2019 Book